Operative design a catalogue of spatial verbs (Record no. 7103)

000 -LEADER
fixed length control field 00287nam a2200109Ia 4500
008 - FIXED-LENGTH DATA ELEMENTS--GENERAL INFORMATION
fixed length control field 200302s9999 xx 000 0 und d
100 ## - MAIN ENTRY--PERSONAL NAME
Personal name Anthony Di Mari and Others
245 ## - TITLE STATEMENT
Title Operative design a catalogue of spatial verbs
260 ## - PUBLICATION, DISTRIBUTION, ETC.
Name of publisher, distributor, etc. BIS Publishers
260 ## - PUBLICATION, DISTRIBUTION, ETC.
Date of publication, distribution, etc. 2017
300 ## - PHYSICAL DESCRIPTION
Extent 150
Holdings
Withdrawn status Lost status Damaged status Not for loan Permanent Location Current Location Date acquired Cost, normal purchase price Total Checkouts Full call number Barcode Date last seen Date last checked out Price effective from Koha item type Total Renewals Source of classification or shelving scheme
        BMS College of Architecture, Design and Planning BMS College of Architecture, Design and Planning 2020-03-03 1029.00 2 741.2 AR-UG1005 2025-12-17 2025-12-05 2020-03-03 UG Books    
        BMS College of Architecture, Design and Planning BMS College of Architecture, Design and Planning 2020-03-03 1029.00 2 741.2 AR-UG1006 2025-12-18 2025-12-05 2020-03-03 UG Books    
        BMS College of Architecture, Design and Planning BMS College of Architecture, Design and Planning 2020-03-03 1029.00   741.2 AR-UG1007 2020-03-03   2020-03-03 UG Books    
        BMS College of Architecture, Design and Planning BMS College of Architecture, Design and Planning 2020-03-03 1029.00 3 741.2 AR-UG1008 2025-12-16 2025-12-05 2020-03-03 UG Books 1  
        BMS College of Architecture, Design and Planning BMS College of Architecture, Design and Planning 2020-03-03 1029.00 1 741.2 AR-UG1009 2025-12-24 2025-12-05 2020-03-03 UG Books    
      Not For Loan BMS College of Architecture, Design and Planning BMS College of Architecture, Design and Planning 2021-01-08   1 741.2 AR-UG2043 2025-12-08 2022-05-07 2021-01-08 UG Books    
Copyright © 2025, The Librarian, Library and Information Centre, BMSCA D&P, Bengaluru. All Rights Reserved
web counter

Powered by Koha